Quizzes
Events
Quiz Creation
Community
Videos
Private Events
Remove Ads
Sign In
Join for FREE
Feedback
Dark Mode
Quiz Categories
Sports
Geography
Music
Movies
Television
Just For Fun
Miscellaneous
History
Literature
Language
Science
Gaming
Entertainment
Religion
Holiday
For Kids
Quiz Lab
Recent
Popular Today
Quiz Kudos Today
Editor Picks
Curator Picks
Quizzes by...
Day
Popularity
Type
Ratings
Length
Year
Community
Subscriptions
Recent Discussions
Orange Saloon
Badges
Playlists
Quests
Create
Leaderboards
Showdown
Live 5
Trivia Bingo
Activity
Puzzle Library
Sporcle Events
Private Events
Virtual Trivia
Globe League
Become a Host
Pub Owners
SporcleCon
Opinionation
Our Games
Videos
Blog
Mobile Apps
Partnerships
Remove Ads and Go Orange
Feedback
Sports
Athletes
MLB
NBA
NHL
NFL
Soccer
Sports Teams
WWE
NCAA
Football
Premier League
Basketball
Baseball
Hockey
Golf
Tennis
Cricket
Rugby
Auto Racing
Olympics
World Cup
Sports
Athletes
MLB
NBA
NHL
NFL
Soccer
Sports Teams
WWE
NCAA
Football
Premier League
Basketball
Baseball
Hockey
Golf
Tennis
Cricket
Rugby
Auto Racing
Olympics
World Cup
Random Quiz
Search Sporcle
×
Quiz Lab
Quiz Lab
Sports
XIs
Type in answers that appear in a list
Type in answers that appear in a list
Classic
Best Score? Go Orange.
Boca Juniors XIs since 2006 Stats
Can you name all members of the Boca line-ups since 2006?
By
Parrot1993
14m
286 Questions
14.7K Plays
14,720 Plays
14,720 Plays
Comments
Comments
Give Quiz Kudos
Give Quiz Kudos
-
- Ratings
hide this ad
Replay
Link that replays current quiz
Next Quiz
Link to next quiz in quiz playlist
You Got
0%
They Got
Avg Score
66%
Avg Friend Score
Upgrade to see
Score Distribution
Jump to the score distribution portion of the page
Score
0/286
Timer
14:00
4
Plays Today
% Correct
Juan Román Riquelme
96.3%
Juan Román Riquelme
96.3%
Juan Román Riquelme
96.3%
Juan Román Riquelme
96.3%
Martín Palermo
95.9%
Martín Palermo
95.9%
Martín Palermo
95.9%
Martín Palermo
95.9%
Martín Palermo
95.9%
Martín Palermo
95.9%
Martín Palermo
95.9%
Martín Palermo
95.9%
Martín Palermo
95.9%
Darío Benedetto
94.3%
Darío Benedetto
94.3%
Agustín Rossi
94.2%
Agustín Rossi
93.9%
Agustín Rossi
93.8%
Agustín Rossi
93.8%
Frank Fabra
93.3%
Frank Fabra
93.2%
Frank Fabra
93.1%
Frank Fabra
93.1%
Agustín Orión
92.9%
Agustín Orión
92.9%
Agustín Orión
92.9%
Agustín Orión
92.9%
Agustín Orión
92.9%
Agustín Orión
92.9%
Agustín Orión
92.9%
Agustín Orión
92.9%
Agustín Orión
92.9%
Frank Fabra
92.6%
Frank Fabra
92.6%
Sergio Romero
92.3%
Carlos Tévez
91.3%
Carlos Tévez
91.2%
Óscar Romero
91.1%
Carlos Tévez
90.8%
Esteban Andrada
90.5%
Esteban Andrada
90.3%
Rodrigo Palacio
89.4%
Rodrigo Palacio
89.4%
Rodrigo Palacio
89.4%
Rodrigo Palacio
89.4%
Rodrigo Palacio
89.4%
Clemente Rodríguez
88.8%
Clemente Rodríguez
88.8%
Clemente Rodríguez
88.8%
Clemente Rodríguez
88.8%
Clemente Rodríguez
88.8%
Clemente Rodríguez
88.8%
Marcos Rojo
88.5%
Claudio Morel Rodríguez
88.4%
Claudio Morel Rodríguez
88.4%
Claudio Morel Rodríguez
88.4%
Claudio Morel Rodríguez
88.4%
Claudio Morel Rodríguez
88.4%
Claudio Morel Rodríguez
88.4%
Claudio Morel Rodríguez
88.4%
Fernando Gago
88.3%
Fernando Gago
88.3%
Carlos Izquierdoz
87.6%
Carlos Izquierdoz
87.5%
Carlos Izquierdoz
87.3%
Guillermo Fernández
87.2%
Guillermo Fernández
87%
Cristian Pavón
86.6%
Cristian Pavón
86.6%
Cristian Pavón
86.5%
Cristian Pavón
86.1%
Hugo Ibarra
85.2%
Hugo Ibarra
85.2%
Hugo Ibarra
85.2%
Hugo Ibarra
85.2%
Hugo Ibarra
85.2%
Hugo Ibarra
85.2%
Pablo Pérez
85.1%
Pablo Pérez
85.1%
Pablo Pérez
85.1%
Alan Varela
83.6%
Alan Varela
83.3%
Daniel Díaz
83.2%
Daniel Díaz
83.2%
Daniel Díaz
83.2%
Daniel Díaz
83.2%
Daniel Díaz
83.2%
Daniel Díaz
83.2%
Luis Advíncula
83.1%
Santiago Silva
83.1%
Santiago Silva
83.1%
Sebastián Villa
83.1%
Mauricio Caranta
83.1%
Mauricio Caranta
83.1%
Mauricio Caranta
83.1%
Sebastián Villa
83%
% Correct
Guillermo Fernández
82.9%
Jonathan Silva
82.8%
Luis Advíncula
82.8%
Jorge Figal
82.5%
Claudio Pérez
82.4%
Cristian Medina
82.3%
Jorge Figal
82.2%
Luis Advíncula
82.1%
Ribair Rodríguez
81.3%
Roberto Abbondanzieri
81.3%
Roberto Abbondanzieri
81.3%
Wilmar Barrios
81.1%
Sebastián Villa
81.1%
Rolando Schiavi
79.9%
Rolando Schiavi
79.9%
Rolando Schiavi
79.9%
Lisandro López
78.2%
Nahitan Nández
76.3%
Nahitan Nández
76.1%
Miguel Merentiel
76.1%
Marcelo Weigandt
74.9%
Bruno Valdez
74.8%
Javier García
74.4%
Javier García
74.4%
Sebastián Battaglia
74.3%
Sebastián Battaglia
74.3%
Sebastián Battaglia
74.3%
Sebastián Battaglia
74.3%
Ramón Ábila
74.3%
Juan Insaurralde
73.4%
Juan Insaurralde
73.4%
Juan Insaurralde
73.4%
Juan Insaurralde
73.4%
Juan Insaurralde
73.4%
Juan Insaurralde
73.3%
Julio Buffarini
73.2%
Julio Buffarini
72.5%
Facundo Roncaglia
71.2%
Facundo Roncaglia
71.2%
Facundo Roncaglia
71.2%
Jonathan Calleri
71%
Jonathan Calleri
71%
Lucas Viatri
70.3%
Lucas Viatri
70.3%
Lucas Viatri
70.3%
Pablo Ledesma
69.8%
Pablo Ledesma
69.8%
Pablo Ledesma
69.8%
Éver Banega
69.8%
Éver Banega
69.8%
Pablo Ledesma
69.8%
Pablo Ledesma
69.8%
Pablo Ledesma
69.8%
Pablo Ledesma
69.8%
Jorman Campuzano
68.9%
Cristian Chávez
68.7%
Cristian Chávez
68.7%
Cristian Chávez
68.7%
Cristian Chávez
68.7%
Cristian Chávez
68.7%
Cristian Chávez
68.7%
Andrés Chávez
68.6%
Jorman Campuzano
68.1%
Lisandro Magallán
68%
Pablo Mouche
68%
Pablo Mouche
68%
Pablo Mouche
68%
Pablo Mouche
68%
Aldo Bobadilla
67.2%
Walter Erviti
67.1%
Walter Erviti
67.1%
Walter Erviti
67.1%
Walter Erviti
67.1%
Walter Erviti
67.1%
Juan Manuel Martínez
64.9%
Juan Manuel Martínez
64.9%
Mauro Zárate
64.3%
Ricky Centurión
63.8%
Nahuel Zárate
63.6%
Nahuel Zárate
63.6%
Federico Insúa
62.5%
Emanuel Insúa
62.5%
Emanuel Insúa
62.5%
Leonardo Jara
61.5%
Leonardo Jara
61.5%
Franco Soldano
61.4%
Leandro Marín
60.5%
Luis Vázquez
60.1%
Edwin Cardona
59.9%
Emmanuel Gigliotti
59.5%
Emmanuel Gigliotti
59.5%
Emmanuel Gigliotti
59.5%
Cristian Luchetti
58.8%
Cristian Luchetti
58.8%
Leandro Paredes
58.8%
Agustín Almendra
58.4%
% Correct
Darío Cvitanich
58.2%
Darío Cvitanich
58.2%
Luis Vázquez
58.1%
Cristian Erbes
57.7%
Cristian Erbes
57.7%
Cristian Erbes
57.7%
Cristian Erbes
57.7%
Agustín Almendra
57.6%
Gino Peruzzi
57.4%
Gino Peruzzi
57.2%
Emmanuel Mas
57.2%
Juan Ramírez
57.2%
Álvaro González
57.2%
Álvaro González
57.2%
Carlos Zambrano
57.1%
Juan Ramírez
56.3%
Neri Cardozo
56%
Neri Cardozo
56%
Neri Cardozo
56%
Leandro Somoza
55.4%
Leandro Somoza
55.4%
Leandro Somoza
55.4%
Nicolás Lodeiro
52.7%
Jesús Dátolo
52.6%
Jesús Dátolo
52.6%
Jesús Dátolo
52.6%
Diego Rivero
52.5%
Nicolás Colazo
51.8%
Nicolás Colazo
51.8%
Nicolás Colazo
51.8%
Eduardo Salvio
50.5%
Juan Forlín
49.9%
Juan Forlín
49.9%
Walter Bou
49.8%
Walter Bou
49.7%
Sebastián Palacios
49.7%
Sebastián Palacios
49.7%
Juan Sánchez Miño
49.5%
Juan Sánchez Miño
49.5%
Juan Sánchez Miño
49.5%
Juan Sánchez Miño
49.5%
Franco Sosa
49.3%
Luciano Monzón
48.7%
Luciano Monzón
48.7%
Luciano Monzón
48.7%
Luciano Monzón
48.7%
Gabriel Paletta
48.1%
Gabriel Paletta
48.1%
Gabriel Paletta
48.1%
Gary Medel
48%
Gary Medel
48%
Gary Medel
48%
Jonatan Maidana
47.9%
Rodrigo Bentancur
47.5%
Rodrigo Bentancur
47.5%
Rodrigo Bentancur
47.4%
Nicolás Gaitán
46.8%
Nicolás Gaitán
46.8%
Nicolás Gaitán
46.8%
Nicolás Gaitán
46.8%
Luciano Acosta
46.2%
Matías Caruzzo
44.7%
Matías Caruzzo
44.7%
Matías Caruzzo
44.7%
César Meli
44.7%
Hernán Grana
43.6%
Federico Carrizo
43.5%
Paolo Goltz
43.1%
Guillermo Burdisso
42.7%
Guillermo Burdisso
42.7%
Cristian Cellay
42.5%
Julio César Cáceres
42.5%
Julio César Cáceres
42.5%
Julio César Cáceres
42.5%
Santiago Vergini
41.9%
Fernando Tobio
41.1%
Fernando Tobio
41.1%
Iván Marcone
39.5%
Fabián Vargas
39.3%
Fabián Vargas
39.3%
Guillermo Marino
38.3%
Guillermo Marino
38.1%
José Pedro Fuenzalida
37.7%
Juan Krupoviesa
36%
Aaron Molinas
35.3%
Jesús Méndez
33.5%
Claudio Riaño
31.1%
Gonzalo Castellani
30.2%
Mariano Echeverría
29.4%
Federico Bravo
28.8%
Ariel Rosada
28.7%
Sergio Orteman
27.4%
Matías Giménez
27.4%
Ezequiel Muñoz
26.3%
Quiz Playlist
Details
Report
Send in Message
Add To Playlist
Classic:
Type in answers that appear in a list
Last Updated: Jul 30, 2023
Quiz Scoreboard
CHALLENGE
Sign Up to Join the Scoreboard
Show All
Scores
Hide
Comments
May contain spoilers
Recently Published
NBA Finals Game Top Scorers (2010s)
by flibbidy
Sports
5m
Guess the 'R' Things in 3 Words
by MSUKent
Miscellaneous
3m
Actor to Badly Drawn Movie III
by MoMosMoProblems
Movies
5m
More to Explore
Quiz From the Vault
Featured Blog Post
Where Does Lost Luggage Go?
hide this ad
You Might Also Like...
Tags
2008
Argentina
Starting Lineups
XIs
Today's Top Quizzes in Sports
Browse Sports
hide this ad
Today's Top Quizzes in XIs
Browse XIs
Top Contributed Quizzes in Sports
1
Les joueurs à 100 buts en Ligue 1 Uber Eats
2
2022 World Cup Stars
3
2024 March Madness Bracket
4
Millionaire: NBA Finals Edition
5
Players with Multiple 50 Home Run Seasons
6
Criteria MLB: Left Handed Sluggers
7
Nickname Match: Athletes VI
8
Iconic Moments in Football - Multiple Choice
9
NFL MVPs ordered
10
NBA Championships Per City
Explore More
Trending Topics
Disney
Harry Potter
Kpop
Crossword
NBA
Anime
Marvel
WWE
The Office
NFL
Country
Puzzle
Pokémon
Song
Soccer
hide this ad
More By:
Parrot1993
Quiz
Plays
Rating
Category
Featured
Created
Boca Juniors XIs since 2006
14,720
5.00
Sports
Jan 14, 2017
River Plate XIs since 2006
6,821
5.00
Sports
Jan 13, 2017
Goodfellas Start to Finish
6,341
4.67
Movies
Sep 17, 2016
Argentina opponents at FIFA World Cup
3,858
4.55
Sports
Aug 21, 2013
Independiente XIs since 2006
3,815
5.00
Sports
Jan 4, 2017
Go to Creator's Profile
Score Distribution
Quiz Creator Spotlight
Parrot1993
Follow
Send a Message
Quizzes Created
-
Created Quiz Play Count
-
More By This Creator
Popular Quizzes Today
1
Find the US States - No Outlines Minefield
2
Find the US States
3
The Countries of the World
4
10 Largest US States in Order
5
Find the Countries of Europe - No Outlines Minefield
6
US States
7
Guess the 'R' Things in 3 Words
8
NBA Finals Game Top Scorers (2010s)
More Sports Quizzes
Formula 1 Winners Incognito!
Curator's Pick
Trending Quizzes
First Name TV: Leading Men
Match the Book to the Film II
First Name TV: Leading Women Drama
Match the Book to the Film VI
Pick A Pair: Religious TV
Recently Updated
Women's Final Four Teams by Year
bhenderson79
Presidents Quartet II
eogle
Anything But Clue(do)
eogle
Anything But Oceanian Capitals
eogle
Anything But 7
eogle
Anything But Thing
eogle
Word Ladder: February 29
pecheneg
Song Title Questions
pecheneg
Women's NCAA Tournament #1 Seeds
pecheneg
Celebrity Mug Shots
pecheneg
Trending Topics
Anime
Crossword
Marvel
Kpop
Harry Potter
Disney
NBA
Country
Song
Soccer
NFL
Pokémon
WWE
The Office
Puzzle
Your Account Isn't Verified!
In order to create a playlist on Sporcle, you need to verify the email address you used during registration. Go to your
Sporcle Settings
to finish the process.
Report this User
Report this user for behavior that violates our
Community Guidelines
.
Details:
Send Report
Go to the Sporcle.com Mobile Site →
Comments